100 personnages de Inazuma Eleven - Statistiques

Statistiques générales
  • Ce quiz a été pris 4 529 fois
    2 873 depuis la dernière actualisation
  • Le résultat moyen est 53 sur 100
Statistiques - réponses
Hint Réponse % Correct
Raimon/Inazuma Japon Mark
99%
Raimon/Royal Academy/Inazuma Japon Jude
98%
Raimon Axel
94%
Raimon/Inazuma Japon/Empereurs Noirs Nathan
94%
Raimon/Licornes Bobby
89%
Raimon/Inazuma Japon Jack
89%
Raimon/Licornes Erik
88%
Raimon/Inazuma Japon/Empereurs Noirs Kevin
88%
Raimon/Inazuma Japon/Empereurs Noirs Tod
86%
Alpin/Raimon/Inazuma Japon Shawn
85%
Manager Raimon/Petits Géants Nelly
82%
Coach Petits Géants David
80%
Zeus/Raimon/Dragons de feu Byron
79%
Manager Raimon/Inazuma Japon Celia
79%
Coach Raimon/Inazuma Japon Hillman
79%
Raimon/Empereurs Noirs Sam
78%
Inazuma Japon Xavier
78%
Nouvelle Royal Academy/Inazuma Japon Caleb
77%
Manager Raimon.Inazuma Japon Silvia
76%
Coach Royal Academy/Zeus Ray Dark
75%
Mary Times/Raimon/Inazuma Japon Hurley
74%
Cloitre Sacré/Raimon/Inazuma Japon Scotty
74%
Raimon/Empereurs Noirs Steve
74%
Prominence/Chaos/Dragons de feu Torch
74%
Fauxshore/Raimon/Inazuma Japon Darren
73%
Raimon/Empereurs Noirs Jim
73%
Orphée Paolo
73%
Epsilon Dvalin
71%
Raimon/Empereurs Noirs Timmy
68%
Services secrets/Raimon Tori
68%
Inazuma Japon Austin
67%
Tempête des gémeaux Janus
67%
Raimon/Empereurs Noirs Shadow
67%
Raimon/Empereurs Noirs Max
66%
Petits Géants Hector
65%
Royal Academy/Néo Japon King
65%
Triple C/Raimon Sue
65%
Coach Inazuma Japon Travis
65%
Inazuma Japon Archer
64%
Inazuma Japon Jordan
64%
Petite fille dans le coma Julia
63%
Genesis Xene
62%
Inazuma Japon Thor
61%
Genesis Bellatrix
60%
Manager Inazuma Japon Camellia
59%
Président Raimon
59%
Raimon/Inazuma Japon Willy
59%
Rois du football Robingo
58%
Président FFI/Coach Rois du football Zoolan
55%
Coach Raimon/Néo Japon Lina
54%
Orphée Nakata
53%
Conducteur de bus Veteran
53%
Royal Academy/Inazuma Japon Samford
52%
Inspecteur Smith
52%
Commentateur Chester
51%
Licornes Krueger
51%
Président Projet Genesis Schiller
51%
Knights of Queen Partinus
49%
Raimon futur Canon
48%
Licornes Dylan
48%
Empereurs Thiago
48%
Diamond Dust/Chaos/Dragons de feu Fox
46%
Kirkwood Marvin
45%
Coach Equipe D/Orphée Mister D
45%
Kirkwood/Empereurs Noirs Malcolm
44%
Kirkwood Thomas
44%
Sky Team/Dark Sky Sael
43%
Ogres Bash
42%
Dark Team/Dark Sky Destra
42%
Equipe D Julio
41%
Zeus Posséidon
41%
Mary Times Cadence
38%
Cybertech/Empereurs Noirs Feldt
38%
Orphée GIgi
38%
Occulte/Néo Japon Talisman
36%
Premier Ministre Vanguard
36%
Zoolan Team Minion
35%
Coach Raimon Wintersea
35%
Cybertech/Néo Japon Turner
34%
Néo Japon Quagmire
30%
Kirkwood/Néo Japon Tyler
30%
Inazuma KFT Maddie
29%
Dragons de feu Choi
28%
Lions du désert Kalil
27%
Orphée Angelo
23%
Royal Academy/Néo Japon Hatch
23%
Bolosse de l'athlétisme Miles
22%
Genesis/Néo Japon Wittz
21%
Principal Raimon Firewill
19%
Big Waves Dauphin
18%
Rois du football Carlos
13%
Grand frère de la fille aveugle Luca
13%
Fauxshore Luckyman
11%
Zeus Dionysos
10%
Shuriken/Néo Japon Quicksilver
10%
Coach Empereurs Noirs Wyles
10%
Fille aveugle Lacey
9%
Otaku Nobel
6%
Epsilon/Néo Japon Zedd
4%
Terria Walters
3%
Aucun quiz correspondant
Distribution des résultats
% des personnes avec chaque résultat
Percentile par nombre de réponses
Votre historique - résultats
Vous n’avez pas pris ce quiz depuis la dernière actualisation